Martes de carnaval : Las galas del difunto, Los cuernos de don Friolera, La hija del capitán : esperpentos /

Martes de carnaval (1930) es una trilogía de esperpentos formada por Los cuernos de don Friolera (publicada en 1921 y puesta en escena en 1926), Las galas del difunto (publicada originalmente en 1926 con el título El terno del difunto y puesta en escena en 1962) y La hija del capitán (publicada en 1...

Descripción completa

Guardado en:
Detalles Bibliográficos
Autor principal: Valle-Inclán, Ramón del (autor)
Formato: Libro
Idioma:Español
Publicado: Madrid, España : Espasa-Calpe, 1964, c1930
Colección:(Austral ; 1337)
Temas:
Etiquetas: Agrega una etiqueta
Sin etiquetas, Sé el primero en etiquetar este registro!

MARC

LEADER 00000nam^a2200000^a^4500
001 000308135
005 20250521000000.0
009 20260310112909.106
037 |a Acervo Xavier Clavigero 
041 |a ESP 
082 |a 808.  |b AUS V. 1337 
100 |a Valle-Inclán, Ramón del  |e (autor) 
240 1 1 |a [Martes de carnaval] 
240 1 5 |a [Las galas del difunto] 
240 1 5 |a [Los cuernos de Don Friolera] 
240 1 4 |a [La hija del capitán, de Ramón del Valle-Inclán] 
245 1 0 |a Martes de carnaval :  |b Las galas del difunto, Los cuernos de don Friolera, La hija del capitán : esperpentos /  |c R. del Valle-Inclán. 
264 4 |a Madrid, España :  |b Espasa-Calpe,  |c 1964, c1930 
300 |a 232 p. 
336 |a texto  |b txt  |2 rdacontenido 
337 |a sin mediación  |b n  |2 rdamedio 
338 |a volumen  |b nc  |2 rdasoporte 
440 1 |a (Austral ;  |v 1337) 
520 |a Martes de carnaval (1930) es una trilogía de esperpentos formada por Los cuernos de don Friolera (publicada en 1921 y puesta en escena en 1926), Las galas del difunto (publicada originalmente en 1926 con el título El terno del difunto y puesta en escena en 1962) y La hija del capitán (publicada en 1927). 
545 0 |a Ramón del Valle-Inclán (Villanueva de Arosa, Pontevedra, 1866 – Santiago de Compostela, 1936), escritor español. Aunque es identificado inicialmente con la corriente modernista y la Generación del 98, su particular trayectoria creativa le lleva a una formulación estética propia: el esperpento, que le distingue entre los escritores europeos de su generación y tiene sus manifestaciones más notables en su obra dramática. Colabora en varias publicaciones y experimenta la censura de la tiranía porfirista durante una estancia en México (1892-93), país al que vuelve como invitado oficial para el festejo del Centenario de la Consumación de la Independencia (1921). Alcanza el reconocimiento con Sonatas (1902-05), ciclo novelístico sobre un Don Juan, al que siguen dos series narrativas de carácter histórico y complementarias entre sí: La Guerra Carlista (1908-09) y El ruedo ibérico (1927-32), relativas respectivamente al conflicto civil español de 1872-1876 y el final del reinado de Isabel II. Su novela más célebre –y para muchos, la mejor- es sin embargo Tirano Banderas (1926), inspirada parcialmente en la figura de Porfirio Díaz, si bien el autor español evita precisar la ubicación de la acción e identificación del personaje y sintetiza, en su lugar, el perfil del dictador latinoamericano. La tragicomedia Divinas palabras (1920) y Luces de bohemia (1920), en la que emplea por primera vez la palabra esperpento en relación con su obra, desputan entre sus creaciones teatrales, varias de ellas incomprendidas en su época y estrenadas hasta muchos años más tarde. Expone una reflexión estética un tanto hermética en La lámpara maravillosa (1916), en tanto recoge en Claves líricas (1930) su obra poética, que refleja la influencia de su querido amigo y fundador del modernismo Rubén Darío. 
649 |a XX 
650 |a Militares en la Literatura 
650 |a Teatro Español 
650 |a Literatura Española -  |y Generación del 98 
650 |a Literatura Española -  |y Siglo XX 
650 |a Honor 
740 4 |a Las galas del difunto /  |c R. del Valle-Inclán. 
740 4 |a Los cuernos de don Friolera /  |c R. del Valle-Inclán. 
740 3 |a La hija del capitán /  |c R. del Valle-Inclán. 
910 |a Fondo General 
920 |a Impresos - Libros 
930 |a Colección General 
940 |a Literatura 
905 |a 101 
901 |a 061487  |b IT1  |c LIT  |u 20250521 
902 |a https://opac.biblio.iteso.mx/vufind/Record/000308135